000 01240nam a2200277Ia 4500
003 OSt
005 20221005110611.0
006 a|||||r|||| 00| 0
007 ta
008 221004b |||||||| |||| 00| 0 hin d
020 _a9789326354370 (hbk)
_cIndian Rupees 750
024 _a44145
037 _bGift, 06/06/2019,
_cTextual
040 _aCRL
_cCRL
_bhin
041 _2hin
_ahin
082 _aO152944x, Q6
100 _aवर्मा, विमलेश कांति, संपा.
245 0 _aप्रवासी भारतीय हिन्दी साहित्य
_b फीजी, सूरीनाम, दक्षिण अफ्रीका और मॉरिशस
246 _aPravāsī bhāratīya hindī sāhitya: fījī, sūrīnāma, dakṣhiṇ afrīkā aur maॉrishasa
260 _aनई दिल्ली
_bभारतीय ज्ञानपीठ भारत
_c2016
300 _a511पृ0
_ccm.
650 _a भारतीय प्रवासी
650 _aहिन्दी साहित्य
942 _hO152944x, Q6
_cTEXL
_2cc
999 _c1019321
_d1019321